000 00868camaa2200313Mu 4500
001 96783
005 20230411090056.0
008 911007s1989 sp 000 0 spa d
035 _a(OCoLC)ocn433333370
040 _aBNM
_erdc
_bspa
_cBNM
016 7 _abimoBNE19911045280
_2SpMaBN
017 _aB 34172-1989
020 _a8432044474
020 _a9788432044472
035 _a(OCoLC)433333370
080 _a32(460)"1975/..."
049 _aGRAL
100 1 _aCierva, Ricardo de la,
_d1926-
245 1 0 _aEspaña, la sociedad violada /
_cRicardo de la Cierva.
260 _aBarcelona
_bPlaneta
_c1989.
300 _a345 p.
_bil.
_c24 cm.
490 1 _aDocumento
_v264
500 _aIndice.
651 7 _aEspaña
_xPolítica y gobierno
_y1975-
830 0 _aDocumento (Editorial Planeta)
_v264.
942 _2lcc
_cbk
994 _aC0
_bDRFGD
946 _aJP
999 _c112032
_d112032